Statistics for Cities that start with "Y" - With a twist!

Click here to take the quiz!

General Stats

  • This quiz has been taken 13 times
    (6 since last reset)
  • The average score is 34 of 140

Answer Stats

Country/RegionCityPopulation% Correct
BelgiumYpres34,995
60%
SwedenYtterby1,330
60%
NorwayYtter-Torget92
60%
RussiaYb550
40%
ParaguayYhú34,737
40%
FranceYport798
40%
MichiganYpsilanti20,648
40%
North DakotaYpsilanti109
40%
FranceYquelon1,091
40%
CaliforniaYreka7,807
40%
NorwayYtre Aalvik487
40%
NorwayYtre Aannstad702
40%
NorwayYtre Arna1,694
40%
NorwayYtre Bo5,977
40%
NorwayYtre Borgfjord67
40%
NorwayYtre Byrte240
40%
NorwayYtre Enebakk3,359
40%
NorwayYtre Hægeland453
40%
NorwayYtre Matre9
40%
NorwayYtre Oksningan58
40%
NorwayYtre Oppedal972
40%
NorwayYtre Ramse731
40%
NorwayYtre Snillfjord987
40%
NorwayYtre Sorbygda40
40%
FranceYves1,477
40%
FranceYzeux270
40%
TexasYznaga108
40%
ParaguayYbycuí20,887
20%
ParaguayYby Pytá11,626
20%
ParaguayYbyrarovaná13,855
20%
ParaguayYbytimí534
20%
FranceYchoux2,281
20%
NetherlandsYde840
20%
FranceYdes1,699
20%
SwedenYdrefors3,695
20%
NorwayYdstebohamn374
20%
United KingdomY Felinheli2,330
20%
FranceYffiniac5,010
20%
United KingdomY Ffor132
20%
ParaguayYgatimí3,577
20%
FranceYgos-Saint-Saturnin1,322
20%
FranceYgrande775
20%
ParaguayY'Hovy3,021
20%
NorwayYksnedal140
20%
FinlandYläne2,119
20%
SwedenYlasryd367
20%
SwedenYlevad1,206
20%
NorwayYli291
20%
FinlandYli-Maaria2,209
20%
SwedenYlinen Kassa140
20%
FinlandYlitornio3,754
20%
FinlandYlivieska15,205
20%
FinlandYlöjärvi33,034
20%
FranceYmare1,154
20%
FranceYmeray612
20%
FranceYmonville498
20%
SwedenYngsjö302
20%
United KingdomYnysawdre3,367
20%
United KingdomYnysddu3,948
20%
United KingdomYnysforgan335
20%
United KingdomYnyshir3,320
20%
United KingdomYnystawe103
20%
United KingdomYnysybwl4,664
20%
ParaguayYpacaraí29,578
20%
FinlandYpäjä2,224
20%
ParaguayYpané34,943
20%
NetherlandsYpecolsga50
20%
ParaguayYpehú2,299
20%
ParaguayYpejhú8,336
20%
NetherlandsYpelo169
20%
FranceYpreville-Biville573
20%
NorwayYpso243
20%
FranceYquebeuf240
20%
NorwayYrkje1,133
20%
FranceYronde-et-Buron548
20%
FranceYrouerre159
20%
NetherlandsYsbrechtum690
20%
United KingdomYsbyty Ifan196
20%
United KingdomYsbyty Ystwyth718
20%
United KingdomYsceifiog1,247
20%
NorwayYset1,804
20%
FranceYssac-la-Tourette384
20%
FranceYssandon682
20%
NetherlandsYsselsteyn2,280
20%
FranceYssingeaux7,202
20%
SwedenYstad28,985
20%
United KingdomYstalyfera3,019
20%
United KingdomYstrad5,854
20%
United KingdomYstrad Aeron626
20%
United KingdomYstradfellte556
20%
United KingdomYstrad Ffin2,708
20%
United KingdomYstradgynlais8,092
20%
United KingdomYstrad Meurig109
20%
United KingdomYstrad Mynach19,204
20%
United KingdomYstradowen803
20%
United KingdomYstumtuen260
20%
FranceYtrac4,293
20%
NorwayYtraland2,728
20%
FranceYtres435
20%
NorwayYtroygrend150
20%
SwedenYtteraan204
20%
NorwayYtteren130
20%
SwedenYtterhogdal534
20%
NorwayYtteroy772
20%
NorwayYttersian19
20%
NorwayYtterstad4,970
20%
SwedenYtterturingen806
20%
FranceYvecrique644
20%
NorwayYven297
20%
FranceYvernaumont139
20%
FranceYversay529
20%
FranceYvetot11,859
20%
FranceYvetot-Bocage1,145
20%
FranceYvias765
20%
FranceYviers510
20%
FranceYvignac-la-Tour1,166
20%
FranceYville-sur-Seine451
20%
NorwayYvlingen25
20%
BelgiumYvoir8,450
20%
FranceYvoire993
20%
SwitzerlandYvorne1,070
20%
FranceYvoy-le-Marron728
20%
FranceYvrac2,860
20%
FranceYvrac-et-Malleyrand559
20%
FranceYvré-le-Pôlin1,759
20%
FranceYvré-l'Évêque4,241
20%
FranceYvrench305
20%
FranceYvrencheux124
20%
MyanmarYwagongyi23,032
20%
MyanmarYwangan82,532
20%
MyanmarYwarthit1,520
20%
MyanmarYwathitkon160
20%
SwedenYxlan740
20%
SwedenYxlö610
20%
FranceYzengremer512
20%
FranceYzernay1,821
20%
FranceYzeron980
20%
FranceYzeure12,701
20%
FranceYzeures-sur-Creuse1,337
20%
FranceYzosse377
20%

Score Distribution

Percentile by Number Answered

Percent of People with Each Score

Your Score History

You have not taken this quiz since the last reset